Logo biblioteca
Santa Fe 2917, Rosario, Santa Fe
Lu-Vi 8 a 19.45
+54-341-4232362
bibliotecaeudoro@gmail.com
Facebook Biblioteca Pedagógica
Sitio web

Un proyecto de articulación y de trabajo colectivo. (Registro nro. 32665)

Detalles MARC
000 -CABECERA
campo fijo de control de longitud 01092nab a2200241 4500
003 - IDENTIFICADOR DEL NÚMERO DE CONTROL
campo de control AR-RoBPED
005 - FECHA Y HORADE LA ULTIMA TRANSACCION
campo de control 20260429095552.0
008 - ELEMENTOS DE LONGITUD FIJA--INFORMACION GENERAL
campo fijo de control de longitud 260429b |||||||| |||| 00| 0 spa d
040 ## - FUENTE CATALOGADORA
Centro catalogador/agencia de origen AR-RoBPED
041 ## - IDIOMA
Código de idioma para texto/pista de sonido o título independiente spa
100 1# - ENCABEZAMIENTO PRINCIPAL--AUTOR PERSONAL
Nombre de persona Antilef, Lorena F.
9 (RLIN) 28668
Función Profesora en Historia
245 13 - TITULO
Título Un proyecto de articulación y de trabajo colectivo.
Subtítulo Revista "Nuestra EPJA" /
260 ## - PUBLICACION
Lugar Buenos Aires :
Editor Noveduc,
Fecha 2023
300 ## - DESCRIPCION FISICA
Extensión 8-10 p.
500 ## - NOTA GENERAL
Nota general En este texto se comenta un proyecto que se lleva adelante desde 2018 en una escuela secundaria de la modalidad Educación Permanente de Jóvenes y Adultos (EPJA) localizada en la ciudad de Trelew, en la provincia del Chubut.
650 #7 - TERMINO DE MATERIA--CONTROLADO
Término controlado PROYECTOS EDUCACIONALES
9 (RLIN) 10572
Término controlado EXPERIENCIA PEDAGOGICA
9 (RLIN) 3265
Término controlado EVALUACION DEL APRENDIZAJE
9 (RLIN) 7498
Término controlado EDUCACIÓN DE JÓVENES Y ADULTOS
9 (RLIN) 28183
773 0# - DOCUMENTO FUENTE
Host Biblionumber 20414
Host Itemnumber 40098
Place, publisher, and date of publication Buenos Aires : Noveduc, 1993-
Título Novedades Educativas
Record control number (AR-RoBPED)20414
International Standard Serial Number 03283534
942 ## - ELEMENTOS KOHA
Fuente de clasificación Universal Decimal Classification
Koha tipo de ítem Revistas
Clasificación 37(05)
Signatura librística Nov 86 N° 393 (Dic.2023)
Número Koha k.32665
945 ## - PROCESAMIENTO DE LA INFORMACIÓN LOCAL
Catalogador y fecha mar 04/2026

No hay ítems disponibles.